Küçük sözler - 1 / (Kayıt no. 10047)
[ düz görünüm ]
| 000 -BAŞLIK | |
|---|---|
| Sabit Uzunluktaki Kontrol Alanı | 00626nam a22002177a 4500 |
| 003 - KONTROL NUMARASI KİMLİĞİ | |
| Kontrol Alanı | KOHA_MİRAKIL |
| 005 - EN SON İŞLEM TARİHİ ve ZAMANI | |
| Kontrol Alanı | 20260325133223.0 |
| 008 - SABİT UZUNLUKTAKİ VERİ ÖGELERİ - GENEL BİLGİ | |
| Sabit Alan | 260325b tu ||||| |||| 00| 0 tur d |
| 020 ## - ISBN - ULUSLARARASI STANDART KİTAP NUMARASI | |
| Isbn | 9944581801 |
| 040 ## - KATALOGLAMA KAYNAĞI | |
| Özgün Kataloglama Kurumu | TR-AnABB |
| Kataloglama Dili | tur |
| Çeviri Kurumu | TR-AnABB |
| 041 ## - DİL KODU | |
| Metin ya da ses kaydının dil kodu | tur |
| 082 ## - DEWEY ONU SINIFLAMA SİSTEMİ | |
| Sınıflama Numarası | 808.4209 |
| Cutter numarası | YAR |
| 100 1# - KİŞİ ADI | |
| Yazar Adı (Kişi adı) | Yarar, Selahattin |
| 245 10 - ESER ADI BİLDİRİMİ | |
| Başlık | Küçük sözler - 1 / |
| Sorumluluk Bildirimi | Selahattin Yarar |
| 246 ## - DEĞİŞİK BAŞLIK FORMU | |
| Başlık uygun / kısa başlık | Güzellikten anlmayanlar, kelebekten et umar |
| 250 ## - BASIM BİLDİRİMİ | |
| Basım Bildirimi | Genişletilmiş 4. baskı |
| 260 ## - YAYIN, DAĞITIM, VB. | |
| Yayın Yeri | [y.y.] : |
| Yayınevi | [yayl. y.] , |
| Yayın Tarihi | [2010?] |
| 300 ## - FİZİKSEL TANIMLAMA | |
| Sayfa, Cilt vb. | 195 sayfa ; |
| Boyutları | 18 cm |
| 650 04 - KONU BAŞLIĞI EK GİRİŞ - KONU TERİMİ | |
| Konusal terim veya coğrafi ad | Özlü sözler |
| 942 ## - EK GİRİŞ ÖGELERİ (KOHA) | |
| Sınıflama Kaynağı | Dewey Decimal Classification |
| Materyal Türü | Kitap |
| 900 ## - YEREL BİLGİ | |
| Kontrol | Can ÇELIK |
| Geri Çekilme Durumu | Kayıp Durumu | Sınıflandırma Kaynağı | Kredi için değil | Kalıcı Konum | Mevcut Konum | Kayıt Tarih | Toplam Ödünçverme | Yer Numarası | Demirbaş Numarası | Son Görülme Tarihi | Fatura Tarihi | Materyal Türü |
|---|---|---|---|---|---|---|---|---|---|---|---|---|
| Dewey Decimal Classification | Prof. Dr. Ruşen Keleş Kütüphanesi | Prof. Dr. Ruşen Keleş Kütüphanesi | 25/03/2026 | 808.4209 YAR | RK1064 | 25/03/2026 | 25/03/2026 | Kitap |
